[Event "Belem op 1st"]
[Site "Belem"]
[Date "2024.04.13"]
[Round "2"]
[White "Reis, Alan de Albuquerque"]
[Black "Assuncao, Darlane Brito"]
[Result "1/2-1/2"]
[WhiteElo "2070"]
[BlackElo "1783"]
[PlyCount "47"]
[EventDate "2024.04.13"]
[EventType "swiss"]
[EventRounds "6"]
[EventCountry "BRA"]
[SourceTitle "CB18_2024"]
[SourceDate "2024.05.01"]
[SourceVersion "1"]
[SourceVersionDate "2024.05.01"]
[SourceQuality "2"]

1. d4 Nf6 2. Bf4 g6 3. Nc3 Bg7 4. e4 d6 5. Qd2 a6 6. Bh6 0-0 7. h4 c5 8. Nf3 b5 9. h5 b4 10. Bxg7 bxc3 11. bxc3 Kxg7 12. hxg6 fxg6 13. Qh6+ Kf7 14. e5 Qa5 15. exf6 Qxc3+ 16. Ke2 Qxc2+ 17. Nd2 exf6 18. Qxh7+ Ke8 19. Rb1 Nc6 20. d5 Ra7 21. dxc6 Rxh7 22. Rxh7 g5 23. Rg7 Qxa2 24. Rb8 1/2-1/2

[Event "Belem Amazon op U2200"]
[Site "Belem"]
[Date "2018.05.19"]
[Round "4"]
[White "Reis, Alan de Albuquerque"]
[Black "Santiago, Bruno Majorico Frei"]
[Result "0-1"]
[WhiteElo "2067"]
[BlackElo "2184"]
[PlyCount "62"]
[EventDate "2018.05.18"]
[EventType "swiss"]
[EventRounds "6"]
[EventCountry "BRA"]
[SourceTitle "EXT 2019"]
[Source "ChessBase"]
[SourceDate "2018.10.10"]
[SourceVersion "1"]
[SourceVersionDate "2018.10.10"]
[SourceQuality "1"]

1. d4 d6 2. Nf3 Nd7 3. Bf4 Ngf6 4. Nbd2 g6 5. e4 Bg7 6. Bc4 0-0 7. 0-0 c6 8. Bb3 Qc7 9. h3 e5 10. Be3 b6 11. c3 Ba6 12. Re1 Rae8 13. dxe5 Nxe5 14. Nxe5 dxe5 15. a4 Rd8 16. Qc2 Bd3 17. Qc1 Bxe4 18. Nxe4 Nxe4 19. Qc2 Nf6 20. Qe2 Nd5 21. Bg5 f6 22. Bd2 Kh8 23. Qa6 Nb4 24. Qe2 Nd3 25. Reb1 Rd7 26. Be6 Rdd8 27. Bc4 Qd7 28. a5 b5 29. Bb3 f5 30. c4 c5 31. f4 Rf6 0-1

[Event "Belem Amazon op U2200"]
[Site "Belem"]
[Date "2018.05.18"]
[Round "2"]
[White "Reis, Alan de Albuquerque"]
[Black "Soares, Maykon Anderson De"]
[Result "1-0"]
[WhiteElo "2067"]
[BlackElo "1538"]
[PlyCount "43"]
[EventDate "2018.05.18"]
[EventType "swiss"]
[EventRounds "6"]
[EventCountry "BRA"]
[SourceTitle "EXT 2019"]
[Source "ChessBase"]
[SourceDate "2018.10.10"]
[SourceVersion "1"]
[SourceVersionDate "2018.10.10"]
[SourceQuality "1"]

1. d4 d5 2. Nf3 g6 3. Bf4 Bg7 4. e3 Nf6 5. Be2 Nbd7 6. 0-0 0-0 7. c4 c6 8. Nc3 dxc4 9. Bxc4 Nb6 10. Bb3 Bg4 11. h3 Bf5 12. Ng5 Nbd5 13. Be5 h6 14. Nf3 Nxc3 15. bxc3 Ne4 16. g4 Bd7 17. Qd3 Nf6 18. Qxg6 e6 19. Qd3 Qe7 20. Bc2 Rfd8 21. h4 Kf8 22. g5 1-0

[Event "Belem Leao Memorial"]
[Site "Belem"]
[Date "2016.06.04"]
[Round "4"]
[White "De Souza Monteiro, Marcos Paulo"]
[Black "Reis, Alan de Albuquerque"]
[Result "1/2-1/2"]
[WhiteElo "2024"]
[BlackElo "2086"]
[PlyCount "66"]
[EventDate "2016.06.03"]
[EventType "swiss"]
[EventRounds "6"]
[EventCountry "BRA"]
[SourceTitle "CBM 172 Extra"]
[Source "ChessBase"]
[SourceDate "2016.06.21"]
[SourceVersion "1"]
[SourceVersionDate "2016.06.21"]
[SourceQuality "1"]

1. d4 d5 2. c4 dxc4 3. Nf3 Nf6 4. Nc3 a6 5. a4 Nc6 6. e3 Bg4 7. Bxc4 e6 8. 0-0 Bd6 9. Be2 0-0 10. h3 Bh5 11. Nd2 Bg6 12. Nc4 Nb4 13. Nxd6 cxd6 14. b3 Rc8 15. Qd2 Qb6 16. a5 Qd8 17. Bb2 Ne4 18. Nxe4 Rc2 19. Qxb4 Bxe4 20. Bd1 Qg5 21. g3 Rxb2 22. Qxd6 Bd3 23. Re1 Qf5 24. Qf4 Qd5 25. Bf3 Qxb3 26. Be4 Bxe4 27. Qxe4 Rc8 28. Rab1 Rcc2 29. Rxb2 Qxb2 30. Qe5 h6 31. Rf1 Qb4 32. Qb8+ Kh7 33. Qe5 g6 1/2-1/2

[Event "Belem Velha op 2nd"]
[Site "Belem"]
[Date "2015.02.15"]
[Round "5"]
[White "Alves, Sergio Carlos"]
[Black "Reis, Alan de Albuquerque"]
[Result "1/2-1/2"]
[WhiteElo "1897"]
[BlackElo "2074"]
[PlyCount "106"]
[EventDate "2015.02.13"]
[EventType "swiss"]
[EventRounds "9"]
[EventCountry "BRA"]
[SourceTitle "CBM 164 Extra"]
[Source "ChessBase"]
[SourceDate "2015.03.02"]
[SourceVersion "1"]
[SourceVersionDate "2015.03.02"]
[SourceQuality "1"]

1. d4 d5 2. Nf3 Nf6 3. e3 Bg4 4. h3 Bh5 5. c4 c6 6. Nc3 e6 7. Be2 Nbd7 8. 0-0 Be7 9. b3 0-0 10. Bb2 h6 11. Bd3 Bxf3 12. Qxf3 dxc4 13. Bxc4 Qa5 14. Rfd1 Nd5 15. e4 N5f6 16. Qg3 Rfd8 17. d5 exd5 18. exd5 Ba3 19. Bxa3 Qxa3 20. dxc6 bxc6 21. Rd6 Nd5 22. Ne4 N7f6 23. Nxf6+ Nxf6 24. Rxf6 Qb2 25. Rxf7 Qxa1+ 26. Kh2 Kh8 27. Qg6 Qe5+ 28. f4 Rd6 29. Qg3 Qd4 30. Bd3 Rad8 31. f5 R6d7 32. Rxd7 Rxd7 33. Bc4 Qd6 34. Qxd6 Rxd6 35. Kg3 Rd4 36. Kf3 h5 37. g4 hxg4+ 38. hxg4 Kh7 39. g5 c5 40. f6 gxf6 41. gxf6 Kg6 42. f7 Rd8 43. Ke4 Kf6 44. a3 Rd4+ 45. Ke3 Ke7 46. a4 a5 47. Kf3 Kf8 48. Ke3 Rh4 49. Kd3 Rd4+ 50. Ke3 Ke7 51. Kf3 Rh4 52. Ke3 Rg4 53. Kd3 Rd4+ 1/2-1/2

[Event "Belem Velha op 2nd"]
[Site "Belem"]
[Date "2015.02.15"]
[Round "4"]
[White "Reis, Alan de Albuquerque"]
[Black "Cohen Farias, Paulo"]
[Result "0-1"]
[WhiteElo "2074"]
[BlackElo "2227"]
[PlyCount "124"]
[EventDate "2015.02.13"]
[EventType "swiss"]
[EventRounds "9"]
[EventCountry "BRA"]
[SourceTitle "CBM 164 Extra"]
[Source "ChessBase"]
[SourceDate "2015.03.02"]
[SourceVersion "1"]
[SourceVersionDate "2015.03.02"]
[SourceQuality "1"]

1. d4 Nf6 2. c4 e6 3. Nc3 d5 4. Bg5 c6 5. e3 Nbd7 6. Nf3 Qa5 7. Nd2 Bb4 8. Qc2 dxc4 9. Bxf6 Nxf6 10. Bxc4 0-0 11. 0-0 e5 12. a3 Be7 13. Rac1 exd4 14. Nb3 Qh5 15. Nxd4 Bd6 16. h3 Bxh3 17. gxh3 Qxh3 18. f3 Rfe8 19. Qg2 Qh6 20. Nf5 Bh2+ 21. Qxh2 Qg5+ 22. Ng3 Qxe3+ 23. Kh1 Rad8 24. Rcd1 Rxd1 25. Nxd1 Qd4 26. Ba2 Re5 27. Nc3 g6 28. Nce4 Nh5 29. Qc2 Qd8 30. Rd1 Qh4+ 31. Qh2 Qf4 32. Kg2 Qe3 33. Nxh5 Qe2+ 34. Nf2 Rxh5 35. Qf4 Rf5 36. Rd8+ Kg7 37. Qd4+ f6 38. Qd7+ Kh6 39. Qd2+ Rg5+ 40. Kh2 Qxf3 41. Nh3 Qg3+ 42. Kh1 Qf3+ 43. Kh2 Qg3+ 44. Kh1 Qxh3+ 45. Qh2 Qxh2+ 46. Kxh2 Re5 47. Rd2 f5 48. Bg8 Kg7 49. Bc4 Re7 50. Kg2 Kf6 51. Kf3 g5 52. Rd6+ Ke5 53. Rd1 g4+ 54. Kg3 Kf6 55. Kh4 Rg7 56. Rd6+ Ke5 57. Re6+ Kf4 58. Rd6 Ke5 59. Rd1 g3 60. Rg1 f4 61. Be2 Ke4 62. Bg4 f3 0-1

[Event "Belem Velha op 2nd"]
[Site "Belem"]
[Date "2015.02.14"]
[Round "2"]
[White "Martins, Clauber Figueiredo"]
[Black "Reis, Alan de Albuquerque"]
[Result "0-1"]
[WhiteElo "1995"]
[BlackElo "2074"]
[PlyCount "104"]
[EventDate "2015.02.13"]
[EventType "swiss"]
[EventRounds "9"]
[EventCountry "BRA"]
[SourceTitle "CBM 164 Extra"]
[Source "ChessBase"]
[SourceDate "2015.03.02"]
[SourceVersion "1"]
[SourceVersionDate "2015.03.02"]
[SourceQuality "1"]

1. e4 e6 2. d4 d5 3. exd5 exd5 4. Bd3 Bd6 5. c3 Ne7 6. Qc2 c5 7. Bg5 cxd4 8. cxd4 Nbc6 9. Ne2 f6 10. Bd2 Qb6 11. Bc3 Bg4 12. f3 Bh5 13. Nd2 Rc8 14. Qa4 0-0 15. 0-0 Be8 16. Qb3 Qc7 17. g3 Kh8 18. Kg2 Bd7 19. h4 Nf5 20. Bxf5 Bxf5 21. Rf2 Qf7 22. Rh1 Rfe8 23. Qd1 b5 24. a3 a5 25. Nf1 Qa7 26. g4 Bd7 27. Qd3 b4 28. Bd2 Qb8 29. a4 Rcd8 30. g5 Ne7 31. Qa6 Qc7 32. Nfg3 Ra8 33. Qd3 Bxa4 34. Rc1 Qd7 35. Nf4 Bb5 36. Qb1 Bxf4 37. Bxf4 Ng6 38. Nh5 Nxh4+ 39. Kg3 fxg5 40. Be5 Nf5+ 41. Kh2 Qf7 42. Nf6 Rxe5 43. dxe5 Qe6 44. Ng4 h5 45. Rh1 hxg4 46. Kg1+ Nh4 47. Rxh4+ gxh4 48. Rh2 h3 49. Qe1 g5 50. Qe3 g3 51. Rc2 h2+ 52. Kg2 h1Q+ 0-1

[Event "Belem Velha op 1st"]
[Site "Belem"]
[Date "2014.11.23"]
[Round "6"]
[White "De Souza, Marcos Valerio"]
[Black "Reis, Alan de Albuquerque"]
[Result "1/2-1/2"]
[WhiteElo "2043"]
[BlackElo "2054"]
[PlyCount "79"]
[EventDate "2014.11.20"]
[EventType "swiss"]
[EventRounds "6"]
[EventCountry "BRA"]
[SourceTitle "CBM 163 Extra"]
[Source "ChessBase"]
[SourceDate "2014.12.23"]
[SourceVersion "1"]
[SourceVersionDate "2014.12.23"]
[SourceQuality "1"]

1. d4 d5 2. c4 dxc4 3. Nc3 a6 4. a4 Nf6 5. Nf3 Nc6 6. e3 Bg4 7. Bxc4 e6 8. 0-0 Bd6 9. Be2 0-0 10. Nd2 Bxe2 11. Qxe2 e5 12. dxe5 Nxe5 13. Nf3 Ng6 14. b3 Re8 15. Rd1 Qc8 16. Ba3 Bxa3 17. Rxa3 Qf5 18. Qc4 Qc2 19. Ra2 Qf5 20. Rad2 c6 21. Nh4 Nxh4 22. Qxh4 h6 23. h3 Ne4 24. Nxe4 Rxe4 25. Qg3 Rb4 26. Rd3 Qe6 27. Rb1 c5 28. Qd6 Qxd6 29. Rxd6 c4 30. Rd4 b5 31. Ra1 Rc8 32. axb5 axb5 33. bxc4 Rbxc4 34. Kf1 Rc1+ 35. Rxc1 Rxc1+ 36. Ke2 Rb1 37. Rd2 Kf8 38. Kd3 Ke7 39. Kc2 Rb4 40. Kc3 1/2-1/2

[Event "Belem Velha op 1st"]
[Site "Belem"]
[Date "2014.11.22"]
[Round "4"]
[White "Moraes, Nelson da Silva"]
[Black "Reis, Alan de Albuquerque"]
[Result "1/2-1/2"]
[WhiteElo "2218"]
[BlackElo "2054"]
[PlyCount "71"]
[EventDate "2014.11.20"]
[EventType "swiss"]
[EventRounds "6"]
[EventCountry "BRA"]
[SourceTitle "CBM 163 Extra"]
[Source "ChessBase"]
[SourceDate "2014.12.23"]
[SourceVersion "1"]
[SourceVersionDate "2014.12.23"]
[SourceQuality "1"]

1. d4 d5 2. c4 dxc4 3. g3 Nf6 4. Bg2 e6 5. Nf3 Be7 6. Qa4+ Bd7 7. Qxc4 Bc6 8. 0-0 0-0 9. Nc3 Nbd7 10. Qd3 a6 11. e4 Nc5 12. Qc2 Bxe4 13. Nxe4 Ncxe4 14. Rd1 Rc8 15. Ne5 Nd6 16. Bd2 c6 17. Qb3 Nd5 18. Nc4 Nxc4 19. Qxc4 Qb6 20. Rac1 Rfd8 21. Qa4 Qa7 22. a3 c5 23. dxc5 Bxc5 24. Be1 Ne3 25. Rxd8+ Rxd8 26. Bf3 Nf5 27. Qe4 Nd4 28. Bd1 b5 29. Bc3 Nf5 30. Be1 Ne3 31. Be2 Bb6 32. b3 g6 33. Kh1 Nf5 34. Kg2 Qd7 35. Bb4 Qa7 36. Be1 1/2-1/2

[Event "Belem Velha op 1st"]
[Site "Belem"]
[Date "2014.11.20"]
[Round "1"]
[White "Santos, Gleydson Jose Barbo"]
[Black "Reis, Alan de Albuquerque"]
[Result "0-1"]
[WhiteElo "1924"]
[BlackElo "2054"]
[PlyCount "88"]
[EventDate "2014.11.20"]
[EventType "swiss"]
[EventRounds "6"]
[EventCountry "BRA"]
[SourceTitle "CBM 163 Extra"]
[Source "ChessBase"]
[SourceDate "2014.12.23"]
[SourceVersion "1"]
[SourceVersionDate "2014.12.23"]
[SourceQuality "1"]

1. c4 e6 2. Nc3 d5 3. d4 Nf6 4. Bg5 Be7 5. e3 0-0 6. Bd3 a6 7. cxd5 exd5 8. Nge2 Nbd7 9. Rc1 Re8 10. 0-0 Nf8 11. Qc2 Be6 12. Na4 c6 13. Nc5 Ra7 14. Ng3 h6 15. Bxf6 Bxf6 16. Nf5 a5 17. Qd1 b6 18. Nxe6 fxe6 19. Ng3 Rc7 20. Qg4 e5 21. Nh5 exd4 22. Nxf6+ Qxf6 23. Qxd4 Qxd4 24. exd4 Ne6 25. Bg6 Ree7 26. Rcd1 Nf4 27. Bb1 c5 28. dxc5 bxc5 29. g3 Ne2+ 30. Kg2 Nd4 31. Rfe1 Kf7 32. a3 Rxe1 33. Rxe1 Rb7 34. Ba2 c4 35. Rd1 Rxb2 36. Bxc4 dxc4 37. Rxd4 c3 38. Rc4 Rb3 39. a4 Ke6 40. Kf1 Kd5 41. Rc8 Kd4 42. Ke1 Kd3 43. Rd8+ Kc2 44. Rd5 Kb2 0-1

[Event "Fortaleza Alves Memorial 19th"]
[Site "Fortaleza"]
[Date "2014.05.17"]
[Round "3"]
[White "Caetano, Hugo Zanotti Mendon"]
[Black "Reis, Alan de Albuquerque"]
[Result "1-0"]
[WhiteElo "2178"]
[BlackElo "2032"]
[PlyCount "63"]
[EventDate "2014.05.16"]
[EventType "swiss"]
[EventRounds "6"]
[EventCountry "BRA"]
[SourceTitle "CBM 160 Extra"]
[Source "ChessBase"]
[SourceDate "2014.07.01"]
[SourceVersion "1"]
[SourceVersionDate "2014.07.01"]
[SourceQuality "1"]

1. d4 d5 2. c4 dxc4 3. Nf3 a6 4. a4 Nf6 5. Nc3 Nc6 6. Bg5 Bf5 7. d5 Nb4 8. Nd4 Bg6 9. Bxf6 gxf6 10. e4 c5 11. Nf3 f5 12. Ne5 fxe4 13. a5 e3 14. Qa4+ Nc6 15. Nxc6 exf2+ 16. Kxf2 Qc7 17. Ne5+ Kd8 18. Nxg6 hxg6 19. g3 Bg7 20. Qxc4 Bd4+ 21. Kg2 Qd7 22. h4 Qf5 23. Qe2 g5 24. Re1 e5 25. dxe6 g4 26. exf7 Qxf7 27. Rh2 Rh6 28. Kh1 Rf6 29. Ne4 Rg6 30. Ng5 Qd7 31. Ne6+ Kc8 32. Nxd4 1-0

[Event "Sao Paulo Consciencia 1st"]
[Site "Sao Paulo"]
[Date "2013.12.22"]
[Round "4.3"]
[White "Reis, Alan de Albuquerque"]
[Black "Schwertner, Joao Victor Moreir"]
[Result "1-0"]
[WhiteElo "2001"]
[BlackElo "1742"]
[PlyCount "83"]
[EventDate "2013.12.20"]
[EventType "swiss"]
[EventRounds "5"]
[EventCountry "BRA"]
[SourceTitle "EXT 2022"]
[Source "ChessBase"]
[SourceDate "2021.10.06"]
[SourceVersion "1"]
[SourceVersionDate "2021.10.06"]
[SourceQuality "1"]

1. d4 Nf6 2. c4 e6 3. Nc3 h6 4. e4 Bb4 5. Qc2 d5 6. e5 Ne4 7. a3 Bxc3+ 8. bxc3 Ng5 9. h4 Nh7 10. Nf3 b6 11. Bd3 Nf8 12. 0-0 Bb7 13. cxd5 Bxd5 14. Qe2 Nbd7 15. Bf4 c5 16. Bb5 cxd4 17. Nxd4 Qxh4 18. Bg3 Qe7 19. Rfd1 a6 20. c4 Bb7 21. Ba4 Rc8 22. f4 Qc5 23. Qd2 Qxc4 24. Bxd7+ Nxd7 25. Nf5 Qd5 26. Nd6+ Ke7 27. Qf2 Qc6 28. Nxc8+ Rxc8 29. Rd6 Qc3 30. Rad1 Nc5 31. Bh4+ f6 32. Qe2 g5 33. Bf2 Bd5 34. Bxc5 Qxc5+ 35. Kh2 gxf4 36. Qg4 Rf8 37. R1xd5 Qxd5 38. Rxd5 exd5 39. Qxf4 Ke6 40. Qb4 Rf7 41. Qd6+ Kf5 42. e6 1-0

[Event "Sao Paulo Consciencia 1st"]
[Site "Sao Paulo"]
[Date "2013.12.22"]
[Round "5.3"]
[White "Salama, Andre Sasson"]
[Black "Reis, Alan de Albuquerque"]
[Result "1-0"]
[WhiteElo "1968"]
[BlackElo "2001"]
[PlyCount "103"]
[EventDate "2013.12.20"]
[EventType "swiss"]
[EventRounds "5"]
[EventCountry "BRA"]
[SourceTitle "EXT 2022"]
[Source "ChessBase"]
[SourceDate "2021.10.06"]
[SourceVersion "1"]
[SourceVersionDate "2021.10.06"]
[SourceQuality "1"]

1. e4 e6 2. d4 d5 3. exd5 exd5 4. Bd3 Bd6 5. Qe2+ Ne7 6. Bg5 0-0 7. Qh5 h6 8. Ne2 Qe8 9. Bxe7 Qxe7 10. Qxd5 Qf6 11. Nd2 c6 12. Qe4 g6 13. Qe3 Qg7 14. Ne4 Bc7 15. 0-0 Nd7 16. c3 Nb6 17. Qf3 Kh8 18. Qf6 Nd5 19. Qxg7+ Kxg7 20. Rfe1 f5 21. Nd2 Be6 22. Nf3 Rae8 23. a3 Bg8 24. c4 Nf6 25. b3 Rd8 26. Nc3 Bb6 27. c5 Bc7 28. Bc4 Bxc4 29. bxc4 Ba5 30. Re7+ Rf7 31. Rxf7+ Kxf7 32. Ne2 Nd7 33. Rb1 b6 34. cxb6 axb6 35. Nf4 g5 36. Nd3 Ke6 37. Kf1 Kd6 38. Nde5 Nxe5 39. Nxe5 Rf8 40. c5+ bxc5 41. Nc4+ Kd5 42. Nxa5 cxd4 43. Rc1 c5 44. Ke2 Rb8 45. Nc4 Rb3 46. a4 Rb4 47. a5 Kc6 48. Ra1 Rxc4 49. a6 Rc2+ 50. Ke1 d3 51. a7 d2+ 52. Ke2 1-0

[Event "BRA-ch sf2 80th"]
[Site "Belem"]
[Date "2013.11.02"]
[Round "4"]
[White "Reis, Alan de Albuquerque"]
[Black "Macedo, Maximo Iack Miranda"]
[Result "0-1"]
[WhiteElo "2001"]
[BlackElo "2369"]
[PlyCount "44"]
[EventDate "2013.10.31"]
[EventType "swiss"]
[EventRounds "7"]
[EventCountry "BRA"]
[SourceTitle "EXT 2016"]
[Source "ChessBase"]
[SourceDate "2015.10.08"]
[SourceVersion "1"]
[SourceVersionDate "2015.10.08"]
[SourceQuality "1"]

1. d4 e6 2. c4 b6 3. a3 Bb7 4. Nc3 f5 5. Nf3 Nf6 6. e3 Be7 7. Be2 0-0 8. 0-0 Qe8 9. Nd2 Qg6 10. Bf3 Bxf3 11. Qxf3 Nc6 12. b4 f4 13. Qd1 fxe3 14. fxe3 Qd3 15. Nde4 Qxc4 16. Bb2 Nxe4 17. Rxf8+ Rxf8 18. Nxe4 a5 19. bxa5 Nxa5 20. Rc1 Qb5 21. Qc2 Qf5 22. a4 d5 0-1

[Event "BRA-ch sf2 80th"]
[Site "Belem"]
[Date "2013.11.01"]
[Round "2"]
[White "Reis, Alan de Albuquerque"]
[Black "Zanette, Edgard Vinicius"]
[Result "1/2-1/2"]
[WhiteElo "2001"]
[BlackElo "2203"]
[PlyCount "41"]
[EventDate "2013.10.31"]
[EventType "swiss"]
[EventRounds "7"]
[EventCountry "BRA"]
[SourceTitle "EXT 2016"]
[Source "ChessBase"]
[SourceDate "2015.10.08"]
[SourceVersion "1"]
[SourceVersionDate "2015.10.08"]
[SourceQuality "1"]

1. d4 Nf6 2. c4 c5 3. d5 e6 4. Nc3 exd5 5. cxd5 d6 6. e4 g6 7. Be2 Bg7 8. Nf3 0-0 9. 0-0 Re8 10. Nd2 a6 11. a4 Qc7 12. h3 Nbd7 13. Qc2 Rb8 14. a5 b5 15. axb6 Rxb6 16. Nc4 Rb4 17. Bf4 Bf8 18. Bd3 Nh5 19. Bh2 f6 20. f4 Ng7 21. b3 1/2-1/2

[Event "BRA-ch sf2 80th"]
[Site "Belem"]
[Date "2013.11.01"]
[Round "3"]
[White "Sales, Gerson de Assis"]
[Black "Reis, Alan de Albuquerque"]
[Result "0-1"]
[WhiteElo "2169"]
[BlackElo "2001"]
[PlyCount "122"]
[EventDate "2013.10.31"]
[EventType "swiss"]
[EventRounds "7"]
[EventCountry "BRA"]
[SourceTitle "EXT 2016"]
[Source "ChessBase"]
[SourceDate "2015.10.08"]
[SourceVersion "1"]
[SourceVersionDate "2015.10.08"]
[SourceQuality "1"]

1. e4 e6 2. d4 d5 3. e5 c5 4. c3 Nc6 5. Nf3 Bd7 6. Bd3 cxd4 7. cxd4 Qb6 8. Bc2 Nb4 9. Nc3 Nxc2+ 10. Qxc2 Rc8 11. a3 Ne7 12. Qd3 Nf5 13. 0-0 Be7 14. Rd1 Rc4 15. Rb1 g6 16. Be3 0-0 17. Qd2 Nxe3 18. fxe3 Rfc8 19. Ra1 Qd8 20. Qe2 b5 21. Nd2 R4c7 22. e4 dxe4 23. Ndxe4 Rb7 24. Rd2 Bc6 25. Rf1 Rd7 26. Qf2 Qf8 27. Kh1 Rcd8 28. Rfd1 a5 29. Qe3 b4 30. axb4 axb4 31. Ne2 Ba8 32. N2g3 Rc7 33. Rf1 Rdc8 34. h3 Rc1 35. Rdf2 Rxf1+ 36. Rxf1 Rc2 37. Rf2 Rxf2 38. Qxf2 b3 39. Qe3 Bd5 40. Nf6+ Bxf6 41. exf6 Qd8 42. Qf4 h5 43. Qg5 Kh7 44. Nxh5 Qa8 45. Nf4 Qa1+ 46. Kh2 Qe1 47. h4 Qe4 48. h5 Qf3 49. hxg6+ fxg6 50. Qh4+ Kg8 51. Nxd5 exd5 52. Kg1 Kf7 53. Qh7+ Kxf6 54. Qh8+ Kg5 55. Qd8+ Kg4 56. Qd6 Qg3 57. Qxg6+ Kf4 58. Qc6 Ke3 59. Qc1+ Ke2 60. Qc3 Qf2+ 61. Kh2 Qh4+ 0-1

[Event "Sao Paulo Hebraica 13th"]
[Site "Sao Paulo"]
[Date "2012.01.14"]
[Round "8"]
[White "Gotz, Klaus Seiji Furucho"]
[Black "Reis, Alan de Albuquerque"]
[Result "1/2-1/2"]
[WhiteElo "1929"]
[BlackElo "2038"]
[PlyCount "116"]
[EventDate "2012.01.09"]
[EventType "tourn"]
[EventRounds "9"]
[EventCountry "BRA"]
[SourceTitle "EXT 2014"]
[Source "ChessBase"]
[SourceDate "2013.11.20"]
[SourceVersion "1"]
[SourceVersionDate "2013.11.20"]
[SourceQuality "1"]

1. d4 d5 2. c4 dxc4 3. e3 a6 4. Bxc4 Nf6 5. Nf3 b5 6. Bb3 Bb7 7. 0-0 e6 8. Nc3 Be7 9. Qe2 0-0 10. Bd2 Nbd7 11. Rfd1 c5 12. dxc5 Nxc5 13. Bc2 Qc7 14. Rac1 Rfd8 15. b4 Ncd7 16. Nxb5 Qb6 17. Nbd4 Ne4 18. a3 Ndf6 19. Be1 Rac8 20. Nb3 Rxd1 21. Qxd1 Rd8 22. Qe2 Bd6 23. Bd3 h6 24. Na5 Bc8 25. Rc6 Qb8 26. Bxa6 Bd7 27. Rc1 Ng5 28. h3 Qb6 29. Nxg5 hxg5 30. Nb7 Ra8 31. b5 Bxa3 32. Ba5 Bxb5 33. Bxb5 Qxb7 34. Rc7 Qe4 35. Be1 Qb1 36. Bd3 Qa1 37. Qd2 Nd5 38. Rb7 Bd6 39. Rb1 Qe5 40. g3 Rd8 41. Bf1 Rc8 42. Qd3 Nf6 43. Rd1 Bb8 44. Bg2 g4 45. h4 Nh5 46. Bb7 Re8 47. Bc6 Rc8 48. Be4 Re8 49. Bc3 Qc7 50. Qd7 Rc8 51. Bb2 Rf8 52. Ba3 Qxd7 53. Rxd7 Re8 54. Bc6 Rc8 55. Bb7 Re8 56. Rd4 Nf6 57. Bc6 Rc8 58. Bb7 Re8 1/2-1/2

[Event "Sao Paulo Hebraica 13th"]
[Site "Sao Paulo"]
[Date "2012.01.13"]
[Round "6"]
[White "Baccarin, Natalia Viaro"]
[Black "Reis, Alan de Albuquerque"]
[Result "1-0"]
[WhiteElo "1958"]
[BlackElo "2038"]
[PlyCount "75"]
[EventDate "2012.01.09"]
[EventType "tourn"]
[EventRounds "9"]
[EventCountry "BRA"]
[SourceTitle "EXT 2014"]
[Source "ChessBase"]
[SourceDate "2013.11.20"]
[SourceVersion "1"]
[SourceVersionDate "2013.11.20"]
[SourceQuality "1"]

1. e4 e6 2. Qe2 b6 3. g3 Bb7 4. Bg2 d5 5. d3 Nf6 6. e5 Nfd7 7. Nf3 c5 8. 0-0 Nc6 9. Re1 Qc7 10. Bf4 Be7 11. Nbd2 h6 12. h4 0-0-0 13. c3 Rdg8 14. b4 g5 15. hxg5 hxg5 16. Be3 g4 17. Nh2 Qxe5 18. d4 Qh5 19. Nhf1 c4 20. a4 Bf6 21. a5 b5 22. a6 Ba8 23. Nb1 Ne7 24. Ra5 e5 25. Rxb5 Ng6 26. Na3 Bc6 27. Nxc4 Kc7 28. Rb7+ Bxb7 29. axb7 e4 30. Na5 Nb8 31. c4 Qf5 32. cxd5 Qxd5 33. Rc1+ Kd7 34. Rc5 Qd6 35. Qb5+ Ke7 36. Nc6+ Nxc6 37. Rxc6 Qd7 38. Qc5+ 1-0

[Event "Sao Paulo Hebraica 13th"]
[Site "Sao Paulo"]
[Date "2012.01.11"]
[Round "4"]
[White "Reis, Alan de Albuquerque"]
[Black "Costa, Giovanni de Almeida"]
[Result "1/2-1/2"]
[WhiteElo "2038"]
[BlackElo "1907"]
[PlyCount "21"]
[EventDate "2012.01.09"]
[EventType "tourn"]
[EventRounds "9"]
[EventCountry "BRA"]
[SourceTitle "EXT 2014"]
[Source "ChessBase"]
[SourceDate "2013.11.20"]
[SourceVersion "1"]
[SourceVersionDate "2013.11.20"]
[SourceQuality "1"]

1. d4 Nf6 2. c4 g6 3. Nc3 d5 4. cxd5 Nxd5 5. e4 Nxc3 6. bxc3 Bg7 7. Bc4 c5 8. Ne2 0-0 9. Be3 Nc6 10. 0-0 Qc7 11. Rb1 1/2-1/2

[Event "Sao Paulo Hebraica 13th"]
[Site "Sao Paulo"]
[Date "2012.01.11"]
[Round "3"]
[White "Rodrigues, Bruno Morado"]
[Black "Reis, Alan de Albuquerque"]
[Result "1-0"]
[WhiteElo "2066"]
[BlackElo "2038"]
[PlyCount "43"]
[EventDate "2012.01.09"]
[EventType "tourn"]
[EventRounds "9"]
[EventCountry "BRA"]
[SourceTitle "EXT 2014"]
[Source "ChessBase"]
[SourceDate "2013.11.20"]
[SourceVersion "1"]
[SourceVersionDate "2013.11.20"]
[SourceQuality "1"]

1. e4 e6 2. d4 d5 3. Nc3 dxe4 4. Nxe4 Nd7 5. Nf3 Ngf6 6. Bg5 Be7 7. Ng3 0-0 8. Bd3 c5 9. Qe2 Qa5+ 10. Bd2 Qb6 11. 0-0-0 cxd4 12. Bg5 Nc5 13. Nxd4 Na4 14. Nb3 a5 15. Ne4 Nxe4 16. Bxe7 Nxf2 17. Bb5 Nxd1 18. Rxd1 Nxb2 19. Kxb2 a4 20. Bxf8 axb3 21. Be7 Rxa2+ 22. Kxb3 1-0

[Event "Sao Paulo Hebraica 09th A"]
[Site "Sao Paulo"]
[Date "2011.01.09"]
[Round "3.3"]
[White "Rodrigues, Bruno Morado"]
[Black "Reis, Alan de Albuquerque"]
[Result "1/2-1/2"]
[WhiteElo "2073"]
[BlackElo "2046"]
[PlyCount "55"]
[EventDate "2011.01.08"]
[EventType "tourn"]
[EventRounds "9"]
[EventCountry "BRA"]
[SourceTitle "EXT 2022"]
[Source "ChessBase"]
[SourceDate "2021.10.06"]
[SourceVersion "1"]
[SourceVersionDate "2021.10.06"]
[SourceQuality "1"]

1. e4 e6 2. d4 d5 3. Nc3 Nf6 4. Bg5 dxe4 5. Nxe4 Be7 6. Bxf6 Bxf6 7. Nf3 0-0 8. Nxf6+ Qxf6 9. Bd3 c5 10. Be4 Nc6 11. c3 Rd8 12. Bxc6 bxc6 13. Qa4 cxd4 14. cxd4 Bb7 15. Qa3 c5 16. dxc5 Bxf3 17. Qxf3 Qxf3 18. gxf3 Rdc8 19. Rc1 Rab8 20. 0-0 Rxb2 21. Rfd1 Rxa2 22. Rd7 Kf8 23. c6 Ke8 24. Rb7 Ra6 25. Rd1 Rd8 26. Rxd8+ Kxd8 27. Rxf7 Rxc6 28. Rxa7 1/2-1/2